000
00266nam a2200109Ia 4500
008
230907s9999||||xx |||||||||||||| ||und||
082
_a
658.827
_b
KEL
245
0
_a
Strategic brand management :
260
_a
Pearson,
_b
Noida :
_c
2019
300
_a
586 p.
942
_c
BK
999
_c
601546
_d
601546